000 00402 a2200169 4500
001 73748
020 _a8526212303
040 _cAnchieta - Colégio São Paulo
100 _aInfante, José de Nicola Ulisses
240 1 0 _aComo ler Fernando Pessoa
_lpor
245 1 0 _aComo ler Fernando Pessoa
300 _a111
362 0 _a1988
440 1 _aScipione
650 4 _aPoesia portuguesa
942 _cBK
999 _c73748
_d73748